000 00761nam a2200241 i 4500
003 DO-SdBNP
005 20251016140548.0
007 ta
008 251016b1998 dr a|||| |||| 00| 0 spa d
040 _aDO-SdBNP
_bspa
_cBNPHU
_erda
041 _aspa
082 4 _axxx
_bxxx
_222
100 _aGuerra Sancho, Daniel,
_eautor
_4aut.
_988692
245 1 0 _aElupina Cordero :
_balma de apóstol. 1892-1939 /
_cDaniel Guerra Sancho
264 1 _aSanto Domingo :
_bEditorial de Espiritualidad del Caribe,
_c1998.
300 _a215 páginas :
_bilustraciones ;
_c19 cm.
336 _atexto
_btxt
_2rdacontent
337 _asin mediación
_bn
_2rdamedia
338 _avolumen
_bnc
_2rdacarrier
590 _aInventariado, 2025/BT
910 _aBtavárez
942 _2ddc
_cLBS1
999 _c59970
_d59970